[Event "Ciocaltea Memorial"]
[Site "Bucharest"]
[Date "2001.03.14"]
[Round "11"]
[White "Nisipeanu, Liviu Dieter"]
[Black "Fressinet, Laurent"]
[Result "1-0"]
[WhiteElo "2596"]
[BlackElo "2581"]
[Annotator "Ernst,T"]
[PlyCount "77"]
[EventDate "2001.03.04"]
[EventType "tourn"]
[EventRounds "11"]
[EventCountry "ROU"]
[EventCategory "12"]
[SourceTitle "CBM 082"]
[Source "ChessBase"]
[SourceDate "2001.05.17"]
[SourceVersion "1"]
[SourceVersionDate "2001.05.17"]
[SourceQuality "1"]

1. e4 c5 2. Nf3 d6 3. d4 cxd4 4. Nxd4 Nf6 5. Nc3 a6 6. Be2 e5 7. Nb3 Be7 8. Be3
Be6 9. Nd5 $14 Nxd5 10. exd5 Bf5 11. Qd2 a5 12. a4 Nd7 13. O-O O-O 14. f4 exf4
15. Bxf4 Bg6 16. Kh1 Ne5 17. Bb5 Bf6 18. Rae1 Qc7 19. c3 Rfd8 20. Bg3 Nd7 21.
Nd4 Re8 22. Nf3 Re4 23. Rxe4 Bxe4 24. Re1 Bg6 25. Qf4 Ne5 26. Qe3 Nd7 27. Nd2
Be5 $2 (27... Ne5 $14) 28. Bxd7 Qxd7 29. Bxe5 Re8 30. Qd4 $16 Qe7 31. Nf3 dxe5
32. Rxe5 Qd7 33. Rxe8+ Qxe8 34. d6 $18 Bf5 35. Qe5 Qd7 36. Qxa5 g5 37. h3 h6
38. Qb5 Qe6 39. Qe5 1-0

[Event "Reykjavik op"]
[Site "Reykjavik"]
[Date "2018.03.08"]
[Round "4"]
[White "Vaibhav, Suri"]
[Black "Yilmaz, Mustafa"]
[Result "0-1"]
[WhiteElo "2544"]
[BlackElo "2619"]
[Annotator "Fernandez,D"]
[PlyCount "78"]
[EventDate "2018.03.06"]
[EventType "swiss"]
[EventRounds "9"]
[EventCountry "ISL"]
[SourceTitle "CBM 184"]
[Source "ChessBase"]
[SourceDate "2018.05.16"]
[SourceVersion "1"]
[SourceVersionDate "2018.05.16"]
[SourceQuality "1"]

1. e4 c5 2. Nf3 d6 3. d4 cxd4 4. Nxd4 Nf6 5. Nc3 a6 6. Be2 e5 7. Nf3 Be7 (7...
h6 {is another move if Black wants to avoid the 'pure Sveshnikov' type of
position, but of course White has a creative reply:} 8. Nd2 $5 (8. O-O Be6 9.
Re1 Nbd7 $11 {is harmless.}) 8... Be7 $5 (8... b5 {was MVL's choice, but I
think White stands better.} 9. Nf1 $5 (9. a4 b4 10. Nd5 Nxd5 11. exd5 Nd7 12.
a5 $14 {also gave White something in Hansen,T-Kovalenko,I chess.com INT 2018,
though he later went slightly wrong.}) 9... Bb7 10. Bf3 Nbd7 11. Ne3 Nb6 (11...
Be7 $5 12. Nf5 O-O $132 {makes White find something now, and it's not clear
there are many resources in his position.}) 12. O-O Rc8 13. Qd3 g6 14. Rd1 (14.
a4 $5 b4 15. a5 bxc3 16. axb6 cxb2 17. Bxb2 Qxb6 18. Rfb1 $40) 14... Be7 15. a4
b4 16. Na2 a5 $6 17. Qb5+ $146 (17. c3 $2 b3 18. Nb4 $17 {(Carlsen,M-Vachier
Lagrave,M Paris 2017) was unsuccessful.}) 17... Nfd7 18. Qxa5 Ra8 19. Qb5 $3
$16 {Black is in trouble.}) 9. Nc4 b5 10. Ne3 Nbd7 $5 $146 (10... Bb7 {seems
fine too, as played in a recent practical example by one of the leaders of the
current tournament:} 11. a4 b4 12. Ncd5 Nxd5 13. Nxd5 Nd7 14. O-O Nf6 $1 $11 (
14... Bxd5 15. Qxd5 O-O 16. a5 $14 {Nihal,S-Thogersen,R Stockholm 2017})) 11.
a4 b4 12. Ncd5 Nxd5 13. Nxd5 Nf6 $11) 8. Bg5 Be6 9. Bxf6 Bxf6 10. Qd2 (10. O-O
{seems like a more popular choice at the top levels, in recognition of the
fact that the white queen could want the e2-square instead of d2 in some lines.
Now the key idea for Black is ...Nd7-b6.} Be7 ({Maybe Black can economise on ..
.Be7, i.e.} 10... O-O $5 11. Nd5 Nd7 12. Bc4 Nb6 $11) 11. Nd5 Nd7 12. Bc4 Rc8
13. Qe2 Nb6 $1 (13... b5 14. Bb3 Nc5 15. Rfd1 O-O 16. a4 bxa4 17. Bxa4 f5 $6
18. exf5 $14 {Van Foreest,J-Kokarev,D Riadh 2017}) 14. Nxb6 Qxb6 15. Bb3 O-O
16. Rfd1 g6 ({In a high-level game, Black 'drifted' for a few moves:} 16... Kh8
17. h3 Rcd8 18. Nd2 Bc8 19. Nc4 Qc6 20. a4 $14 {Caruana,F-Grischuk,A Saint
Louis 2017}) 17. h3 Kg7 $11 {Black is thinking of ...Qb5, and forming
counterplay along the c-file.}) 10... Be7 11. Nd5 Nd7 12. Rd1 Rc8 {By now the
position is equal and there are various ways to play it.} (12... Nf6 $5 13.
Nxf6+ (13. Nxe7 Qxe7 14. Qxd6 Qxd6 15. Rxd6 Nxe4 16. Rb6 O-O-O $1 $11) 13...
Bxf6 14. c4 (14. Qxd6 Qxd6 15. Rxd6 Rc8 $1 $11) 14... Be7 $11) 13. c3 (13. c4
$5 {at least plays for something.} Bxd5 14. Qxd5 Qb6 15. b3 $132) 13... Rc6 14.
O-O Nf6 15. Qc2 Bxd5 16. exd5 Rc8 {Now Black has a good version of the
"Najdorf with ...Bxd5" position-type, and White has to be careful not to end
up worse.} 17. c4 (17. Nd2 O-O 18. a4 $132 {looks a bit more fluent: White
wants Nc4 and f4.}) 17... O-O 18. b4 Re8 19. Qb3 Bf8 20. Rfe1 g6 $1 {Now it
transpires that Black will get ...e4 in, in a good way, and White has no way
to make the c5-break have any impact.} 21. Bf1 Bh6 {There is no real need to
play ...e4 absolutely immediately.} 22. g3 {Not a bad move, but it
imperceptibly weakens the f3-square, on which Black can now try and land a
knight.} Nd7 23. a3 Bg7 24. h4 {Preparing to meet ...e4 by Ng5.} ({Against a
non-move, e.g.} 24. h3 {Black might have intended} e4 25. Nd4 Bxd4 26. Rxd4 f5
{with ...Qf6 and ...Ne5 to come, thanks to White's 22nd.}) 24... Bh6 (24... e4
25. Ng5 Nf6 $36 {was in any case the correct continuation for Black.}) 25. c5
$1 {An ambitious and correct move, trying to take advantage of the tempi that
Black may have just misplaced.} (25. Nd2 $5 $11 {is solid}) 25... dxc5 26. d6
b5 27. bxc5 $6 (27. Qd5 $1 c4 28. Bh3 c3 29. Ng5 $5 Bxg5 30. hxg5 Rc4 $132)
27... e4 28. Nh2 $2 (28. Ng5 Bxg5 29. hxg5 Rxc5 30. Bg2 {keeps the game a bit
interesting, but Black should be better.}) 28... Nxc5 29. Qd5 Qd7 $1 {Only
move, but good.} 30. Bg2 Bg7 31. Ng4 h5 (31... Qxg4 32. d7 Nxd7 33. Qxd7 Qxd7
34. Rxd7 Rc4 $19 {was the technical solution.}) 32. Ne3 Nd3 33. Bxe4 (33. Rf1
Re5 $19) 33... Nxe1 34. Rxe1 Re6 35. Rd1 Rd8 36. Nf5 Bf8 (36... Rxe4 {is good,
as is almost anything by now.}) 37. Bb1 Rde8 38. Kh2 Re5 39. Ne7+ R8xe7 0-1

[Event "Candidates sf1"]
[Site "Dortmund"]
[Date "2002.07.14"]
[Round "2"]
[White "Leko, Peter"]
[Black "Shirov, Alexei"]
[Result "1/2-1/2"]
[WhiteElo "2722"]
[BlackElo "2697"]
[Annotator "Ftacnik,L"]
[PlyCount "57"]
[EventDate "2002.07.13"]
[EventType "match"]
[EventRounds "4"]
[EventCountry "GER"]
[SourceTitle "CBM 090"]
[Source "ChessBase"]
[SourceDate "2002.09.20"]
[SourceVersion "1"]
[SourceVersionDate "2002.09.20"]
[SourceQuality "1"]

1. e4 c5 2. Nf3 d6 3. d4 cxd4 4. Nxd4 Nf6 5. Nc3 a6 6. Be2 e5 7. Nb3 Be7 8. O-O
O-O 9. Be3 Be6 10. Qd2 Nbd7 11. a4 Nb6 12. a5 Nc4 13. Bxc4 Bxc4 14. Rfd1 Rc8
15. Nc1 d5 $1 $146 {[%mdl 8] Shirov comes up with a great novelty solving the
problem of the d5 weakness.} (15... Rc6 16. Nd3 Bxd3 17. Qxd3 Qd7 18. Bg5 Nh5
19. Be3 Nf6 20. Na4 Qe6 21. Nb6 Bd8 22. Nd5 Qc8 23. c3 Nxd5 24. Qxd5 {1-0
Geller,E-Tukmakov,V/Yerevan/1982/ (57)}) (15... Qc7 16. N1e2 (16. Bb6 Qc6 17.
f3 h6 18. Nd3 Bxd3 19. Qxd3 Qc4 20. Be3 Rc6 21. Qxc4 Rxc4 22. Kf1 Rfc8 23. Rd3
Kf8 24. Ke2 Ke8 {1/2-1/2 Karpov,A-Ostermeyer,P/Hannover 1983/ (80)}) (16. f3
Be6 17. Bb6 Qb8 18. N1a2 Nd7 19. Be3 f5 20. exf5 Rxf5 21. Nb4 Nf6 22. Nbd5 Bf8
23. Qd3 Rc6 {0-1 Cernousek,L-Efimenko,Z/Balatonlelle 2001/ (42)}) 16... Bxe2 (
16... Qc6 17. Ng3 Be6 18. Nd5 Bxd5 19. exd5 Qxc2 {0-1 Kadzinski,W-Gieruszynski,
J/Warsaw 1987/ (23)}) 17. Qxe2 Qc4 18. Qf3 h6 19. Ra4 Qe6 20. Rb4 Rc7 21. Qe2
Rfc8 22. Qd3 Rd7 23. Nd5 Bd8 24. Qb3 Bxa5 25. Rxb7 Rxb7 26. Qxb7 Rxc2 27. Nxf6+
gxf6 28. b4 {1-0 Tal,M-Rodriguez,R/Moscow 1982/ (41)}) (15... Be6 16. Bb6 Qe8
17. N1a2 (17. Nd3 Rc4 18. f3 Nd7 19. Bf2 f5 20. b3 Rc8 21. Nb4 Qg6 22. Ncd5 Bg5
23. Be3 Bd8 24. exf5 Rxf5 25. Kh1 Qf7 26. c4 {1-0 Flacker,E-Rohde,U/Germany
1993/ (43)}) 17... Nd7 18. Be3 f5 19. exf5 Rxf5 20. Nb4 Nf6 21. Nbd5 Nxd5 22.
Nxd5 Bf8 23. b3 Qg6 24. c4 Rf7 25. Kh1 Bf5 26. f3 h5 27. Bf2 e4 {1/2-1/2
Rechlis,G-Soylu,S/Haifa 1989/ (57)}) 16. Bb6 $1 (16. exd5 Bb4 17. Bb6 Bxc3 18.
Qxc3 Qd6 $11) 16... Qe8 (16... Qd7 17. b3 d4 (17... Bb4 18. bxc4 d4 19. N1a2
$16 Bxc3 20. Nxc3 Rxc4 21. Na2 Rfc8 22. c3 $16) 18. bxc4 Rxc4 19. Nd5 Nxd5 20.
exd5 Rfc8 21. Qe1 Qxd5 22. c3 $16) 17. exd5 Bb4 18. d6 $1 (18. Nd3 Bxc3 19.
Qxc3 Nxd5 20. Qxe5 Nxb6 21. axb6 Bxd3 22. Qxe8 Rfxe8 23. Rxd3 Rxc2 24. Rd7 Rb8
$11) 18... Qd7 19. Nd3 (19. Qe3 Bxd6 20. Nb3 Qc6 $11) 19... Qxd6 20. Nxb4 Qxb4
21. Ne4 $1 {The position is objectively equal and Leko decides to simplify
into draw.} (21. Qc1 Bb5 22. Ra3 Bc6 $11) 21... Qxd2 22. Nxf6+ gxf6 23. Rxd2
Be6 24. f3 (24. Rad1 Kg7 25. c3 Rc4 $11) 24... Rc4 25. c3 Kg7 26. Re1 Rfc8 27.
Kf2 h5 28. Red1 Ra4 29. Rd6 1/2-1/2

[Event "EU-Cup 21st"]
[Site "Saint Vincent"]
[Date "2005.09.21"]
[Round "4.5"]
[White "Smirnov, Pavel"]
[Black "Vallejo Pons, Francisco"]
[Result "1-0"]
[WhiteElo "2635"]
[BlackElo "2681"]
[Annotator "Ftacnik,L"]
[PlyCount "61"]
[EventDate "2005.09.18"]
[EventType "team-swiss"]
[EventRounds "7"]
[EventCountry "ITA"]
[SourceTitle "CBM 110"]
[Source "ChessBase"]
[SourceDate "2006.01.31"]
[SourceVersion "1"]
[SourceVersionDate "2006.01.31"]
[SourceQuality "1"]
[WhiteTeam "Tomsk 400"]
[BlackTeam "Paris NAO"]
[WhiteTeamCountry "RUS"]
[BlackTeamCountry "FRA"]

1. e4 c5 2. Nf3 d6 3. d4 cxd4 4. Nxd4 Nf6 5. Nc3 a6 6. Be2 e5 7. Nb3 Be7 8. O-O
O-O 9. Kh1 Nc6 10. f3 a5 11. Be3 Be6 12. Nd5 a4 13. Nc1 a3 {Vallejo Pons
weakens the a1-h8 diagonal, but it will not be enough to promise him equality.}
(13... Bxd5 14. exd5 Nd4 15. c4 Nd7 16. Bd3 Bf6 17. Rb1 g6 18. Ne2 Bg7 19. Bc2
Qc7 20. Nxd4 exd4 21. Bxd4 Qxc4 22. Bxg7 Kxg7 23. a3 Nc5 {1/2-1/2 Asrian,
K-Grischuk,A/Beersheba 2005/ (50)}) 14. b3 Bxd5 (14... Nd7 15. c3 Rc8 16. Qd2
$14) 15. exd5 Nd4 (15... Nb4 16. c4 b5 17. Qd2 bxc4 18. bxc4 Na6 19. Nb3 $16)
16. c4 Nd7 (16... Nf5 17. Bf2 Qd7 18. Bd3 $16) 17. Bd3 Bf6 18. Rb1 g6 {Black
is forced to seek complications, since the exchange of most light pieces would
favour white.} (18... Nc5 19. Ne2 Nxd3 20. Qxd3 Nxe2 21. Qxe2 Re8 22. Qd2 Qd7
23. b4 $16) 19. Ne2 Bg7 (19... Nxe2 20. Qxe2 Bg5 21. Bg1 $16) 20. Qd2 Re8 (
20... Nc5 21. b4 Nxd3 22. Qxd3 Nxe2 23. Qxe2 f5 24. Qd3 Qd7 25. c5 $16) 21. Nc3
f5 (21... Nc5 22. b4 Nxd3 23. Qxd3 Rc8 24. Rbe1 $16) 22. Rfe1 h5 (22... Qh4 23.
b4 Rac8 24. Rbc1 $16) 23. Bf1 h4 24. f4 {[%mdl 32] Smirnov plays the first
really active move, but white already had a chance to force the game with
exchange of the vital dark squared bishop.} (24. Bxd4 $5 exd4 25. Nb5 Qf6 (
25... Qb6 26. Qg5 $16) 26. Nc7 Rxe1 27. Rxe1 Rd8 28. Re6 Qf7 29. Rxd6 Be5 30.
Qg5 $16) 24... h3 (24... Rc8 25. b4 $5 (25. Bxd4 exd4 26. Nb5 (26. Rxe8+ Qxe8
27. Re1 dxc3 28. Rxe8+ Rxe8 29. Qc1 Bd4 $14) 26... Nc5 27. Nxd4 Ne4 28. Rxe4
Rxe4 29. Ne6 Qb6 30. Ng5 Rce8 $14) 25... Qf6 26. fxe5 dxe5 27. c5 $16) (24...
Qf6 25. fxe5 dxe5 26. Bg5 Qf8 27. Bxh4 Bh6 28. Bg5 $16) 25. fxe5 (25. Bxd4 exd4
26. Rxe8+ Qxe8 27. Nb5 Nc5 28. Re1 Ne4 $13) 25... dxe5 26. d6 Qf6 (26... Rb8
27. Nd5 $16) 27. Nb5 Nxb5 28. cxb5 hxg2+ $2 {The defender had no enviable task
of limiting the dangerous white pieces, but the text is clearly false.} (28...
e4 29. Bc4+ Kh7 30. Bg5 Qd4 31. Qf4 e3 32. Qf3 hxg2+ 33. Qxg2 Qe4 34. Qxe4 Rxe4
35. Bd5 Rd4 36. Bxb7 Ra7 37. Bf3 $16) (28... f4 $1 29. Qd5+ Kh7 30. Bf2 Qe6 31.
Qf3 Nf6 32. Rbd1 $14) 29. Qxg2 f4 (29... e4 30. Bc4+ Kf8 31. Rbd1 Rac8 32. Rf1
$18) (29... Qxd6 30. Bc4+ Kf8 31. Rbd1 Qe7 32. Rxd7 Qxd7 33. Bc5+ Re7 34. Qxg6
$18) 30. Bc4+ Kf8 (30... Kh7 31. Qh3+ Bh6 32. Qxd7+ $18) 31. Qd5 1-0

[Event "MK Cafe Cup-A"]
[Site "Koszalin"]
[Date "1999.08.08"]
[Round "6"]
[White "Mainka, Romuald"]
[Black "Pigusov, Evgeny"]
[Result "0-1"]
[WhiteElo "2476"]
[BlackElo "2609"]
[Annotator "Ftacnik,L"]
[PlyCount "70"]
[EventDate "1999.08.03"]
[EventType "swiss"]
[EventRounds "9"]
[EventCountry "POL"]
[SourceTitle "CBM 073"]
[Source "ChessBase"]
[SourceDate "1999.12.01"]
[SourceVersion "1"]
[SourceVersionDate "1999.12.01"]
[SourceQuality "1"]

1. e4 c5 2. Nf3 d6 3. d4 cxd4 4. Nxd4 Nf6 5. Nc3 a6 6. Be2 e5 7. Nb3 Be7 8. O-O
O-O 9. Be3 Be6 10. f4 exf4 11. Bxf4 Nc6 12. Qe1 Ne8 (12... b5 13. Rd1 (13. Qg3
b4 14. Bh6 Ne8 15. Bxg7 (15. Nd5 Bh4 16. Qe3 gxh6 17. Qxh6 Qg5 18. Qxg5+ Bxg5 {
0-1 Braginskij,A-Schwarz,M/Erlangen/1997/ (47)}) 15... Nxg7 16. Nd1 Ne5 17. Nd4
Bh4 18. Qf4 Qg5 {0-1 Hava,C-Forster,R/Stockerau/1992/ (28)}) 13... Qb6+ 14. Kh1
Ne5 15. Nd4 b4 16. Nd5 Nxd5 17. exd5 Bd7 18. Qg3 Rae8 19. Be3 {1-0 Petran,
P-Kluger,G/Budapest/1968/ (75)}) (12... Qc7 13. Rd1 Rfe8 14. Qg3 Ne5 15. Kh1
Kh8 16. Nd4 Rac8 17. Nxe6 fxe6 18. Qh3 Qb6 19. Bc1 Bf8 {1/2-1/2 Unzicker,
W-Bobotsov,M/Lugano/1968/ (19)}) (12... Nd7 13. Rd1 Nce5 14. Nd5 (14. Kh1 Rc8
15. Nd4 g6 16. Bh6 Re8 17. Nf5 gxf5 18. Qg3+ Ng6 19. exf5 Bc4 20. fxg6 hxg6 21.
Bxc4 Rxc4 {1/2-1/2 Mas,H-Madhavan,C/Kuala Lumpur/1993/ (31)}) 14... Bxd5 15.
Rxd5 Nf6 16. Rd1 Qb6+ 17. Kh1 Nxe4 18. Bf3 Ng5 19. Bd5 Rae8 20. Bxe5 dxe5 21.
Qxe5 Bf6 22. Qf5 Re5 {1/2-1/2 Byrne,R-Browne,W/Wijk aan Zee/1980/ (22)}) (12...
Ne5 13. Rd1 (13. Nd4 Nfd7 14. Nd5 Bxd5 15. exd5 Qc7 16. Kh1 Qc5 17. Nf5 Bf6 18.
c4 Rac8 19. Qg3 Kh8 20. Rac1 Rg8 21. Bg4 {1-0 Arutiunova,D-Istrati,I/Cannes/
1997/ (64)}) 13... Qc7 14. Qg3 b5 15. Rd2 b4 16. Nd5 Bxd5 17. exd5 Ne4 18. Qd3
Nxd2 19. Qxd2 a5 {0-1 Pilotelle,B-Gocheva,R/Paris/1989/ (33)}) (12... d5 13.
Bf3 dxe4 14. Nxe4 Nd4 15. Nxd4 Qxd4+ 16. Kh1 Nxe4 17. Bxe4 Qxb2 18. Be5 Qb4 19.
c3 Qa4 20. Rf4 {1-0 Toenniges,T-Sobisch,R/Germany/1995/ (34)}) (12... Rc8 13.
Rd1 Ne8 14. Qg3 Bh4 15. Qf3 Bf6 16. Bd3 Ne5 17. Bxe5 Bxe5 18. Rfe1 Nf6 19. Nd5
Ng4 20. h3 Bxd5 21. Qxg4 Be6 22. Qf3 Bxb2 {0-1 Lui,B-Lim Hoon Cheng/Genting
Highlands/1998/ (29)}) 13. Rd1 (13. Nd5 Bg5 14. Bg3 Nf6 15. Nc3 Qe7 16. Rd1
Rad8 17. Nd2 d5 18. exd5 {1/2-1/2 Arnason,J-Szekely,P/Tallinn/1983/ (18)})
13... Bh4 14. Qd2 Bf6 {Black bishops aims for the nice square e5, the pressure
along the a1-h8 diagonal is also not without importance.} 15. Nd5 $6 (15. Bxd6
Nxd6 16. Qxd6 Qxd6 17. Rxd6 Rfd8 $44) 15... Bxb2 16. c3 (16. Bg5 f6 17. Be3 Be5
$15) 16... Ba3 17. Bg5 f6 (17... Qb8 18. Ne7+ Kh8 19. Nd4 $15) 18. Be3 Bxd5 (
18... b5 19. c4 $1 bxc4 20. Bxc4 $15) 19. exd5 (19. Qxd5+ Kh8 20. Nd4 Bc5 21.
Rf2 Nc7 22. Qh5 Ne5 $17) 19... Ne5 20. Kh1 (20. Nd4 $5 Nc7 21. Nc2 Bc5 22. Bxc5
dxc5 23. d6 Ne6 $15) 20... Rc8 21. Nd4 Qa5 $1 {White has some compensation for
the pawn in the weakness of e6 square, but his pawn structure is compromised.}
(21... Nc7 22. Nc2 Bc5 23. Bxc5 dxc5 24. d6 Ne6 25. Ne3 Qd7 $15) 22. Nf5 (22.
Ne6 Rf7 $17) 22... Rc7 23. Rb1 Bc5 (23... b5 24. Rb3 Bc5 25. Bf4 $15) 24. Bf4 (
24. Bxc5 Qxc5 25. a4 g6 $17) 24... Rd7 (24... b5 25. Bg3 $15) 25. Nd4 (25. Bg3
b5 $15) 25... Ba7 26. Ne6 Rff7 27. Rb4 g6 (27... Nc7 $2 28. Bxe5 dxe5 29. Nxc7
Qxc7 30. Bg4 $1 $14) 28. Rfb1 f5 29. h3 $2 {Too slow in the critical moment,
white had to fight against the activisation of Ne8.} (29. Bg5 $5 Bc5 (29... Nf6
$2 30. Bxf6 Rxf6 31. Rxb7 Rxb7 32. Rxb7 Rf7 33. Qb2 $18) 30. R4b3 b5 $15) 29...
Nf6 30. Bxe5 (30. c4 Ne4 31. Qc2 Rfe7 $17) 30... dxe5 31. c4 Ne4 32. Qh6 (32.
Qb2 Bd4 33. Nxd4 exd4 34. Bd3 Qc5 $17) 32... Ng3+ 33. Kh2 Nxe2 34. Rxb7 $2 (34.
R4b2 Nd4 $1 (34... Nc3 35. Rxb7 Nxb1 36. Rxd7 Be3 37. Qxe3 Rxd7 38. Qb3 $1 $40)
35. Ng5 Rfe7 36. Nxh7 Rxh7 37. Qxg6+ Kf8 $19) 34... Rxb7 35. Rxb7 Qe1 (35...
Rxb7 $2 36. Qf8#) 0-1

[Event "St Petersburg-ch"]
[Site "St Petersburg"]
[Date "2001.04.19"]
[Round "9"]
[White "Yemelin, Vasily"]
[Black "Loginov, Valery A"]
[Result "1-0"]
[WhiteElo "2522"]
[BlackElo "2499"]
[Annotator "Ftacnik,L"]
[PlyCount "82"]
[EventDate "2001.04.10"]
[EventType "tourn"]
[EventRounds "11"]
[EventCountry "RUS"]
[EventCategory "9"]
[SourceTitle "CBM 083"]
[Source "ChessBase"]
[SourceDate "2001.07.05"]
[SourceVersion "1"]
[SourceVersionDate "2001.07.05"]
[SourceQuality "1"]

1. e4 c5 2. Nf3 d6 3. d4 cxd4 4. Nxd4 Nf6 5. Nc3 a6 6. Be2 e5 7. Nb3 Be7 8. Be3
O-O 9. g4 a5 {Move a5 is played very often in reaction to 9...g4, but black
always inserts 9...Be6 for the control of d5 square.} (9... Be6 10. g5 Nfd7 (
10... Ne8 11. Qd2 a5 12. a4 (12. O-O-O Nc6 13. Nd5 Bxd5 14. exd5 a4 15. Na1 Nb8
16. Qb4 Bxg5 17. Rdg1 Bxe3+ 18. fxe3 Nd7 {0-1 Wantz,F-Letelier Martner,R/
Moscow/1956/ (31)}) 12... Nc6 13. Nd5 Nc7 14. Rg1 Bxd5 15. exd5 Nb4 16. Bc4 Qc8
17. c3 Ne8 18. Be2 Na6 19. Nxa5 Nc5 20. Bxc5 dxc5 21. Nc4 {0-1 Rodrigues,
N-Leonardo,J/Lisbon/1996/ (31)}) 11. Qd2 a5 12. a4 (12. Bb5 Na6 13. O-O-O Nb6
14. Kb1 Nc4 15. Bxc4 Bxc4 16. Na4 b5 17. Nb6 Rb8 18. Qxa5 Nc7 {1/2-1/2
Sadvakasov,D-Ashley,M/Los Angeles/2000/ (67)}) (12. f4 a4 (12... exf4 13. Bxf4
Nc6 14. h4 a4 15. Nd4 Nxd4 16. Qxd4 a3 17. b3 Rc8 18. Rg1 d5 {0-1 Nikolenko,
O-Yuferov,S/Naberezhnie Chelni 1988/ (31)}) 13. f5 axb3 14. fxe6 fxe6 15. cxb3
Nc6 16. h4 Nc5 17. Bc4 Na5 18. Bxc5 Nxc4 19. bxc4 dxc5 {1/2-1/2 Dolmatov,
S-Gelfand,B/Klaipeda/1988/ (59)}) 12... Na6 (12... Nc6 13. f4 f5 14. exf5 Bxf5
15. fxe5 dxe5 16. O-O-O Nb4 17. Rhf1 Be6 18. Rxf8+ Qxf8 19. Rf1 Qc8 20. Bb5 Qc7
21. Bxd7 {1/2-1/2 Khalifman,A-Gelfand,B/Las Vegas/1999/ (21)}) (12... Nb6 13.
h4 N8d7 14. O-O-O Qc7 15. Kb1 Rfc8 16. Bb5 Nc4 17. Qd3 Na3+ 18. bxa3 Qxc3 {
1/2-1/2 Sznapik,A-Yuferov,S/Mikolajki/1991/ (18)}) 13. Nd5 Bxd5 14. exd5 Nac5
15. Nxc5 Nxc5 16. h4 Qc8 17. Bb5 Bd8 18. Qe2 Bb6 19. O-O-O {1-0 Dolmatov,
S-Ljubojevic,L/Madrid/1988/ (39)}) 10. g5 Nfd7 11. h4 (11. Qd2 a4 12. Nc1 Nb6
$13) 11... a4 12. Nd2 Nb6 (12... a3 13. b3 $14) 13. Bxb6 $1 Qxb6 14. Nd5 Qd8
15. Nc4 Nc6 (15... Nd7 16. Nxe7+ Qxe7 17. Qxd6 $16) (15... Ra6 16. Qd2 Be6 17.
O-O-O Bxd5 18. Qxd5 $14) 16. c3 {White has a strong grip in the center, black
risks losing d6 pawn for little compensation.} (16. Nxe7+ Qxe7 17. Qxd6 Qxd6
18. Nxd6 Nb4 (18... Nd4 19. Bd1 Ra6 20. Nxc8 Rxc8 21. c3 Ne6 $14) 19. O-O-O
Nxa2+ 20. Kb1 Nb4 21. h5 $16) 16... b5 17. Nce3 (17. Ncb6 Rb8 18. Nxc8 Qxc8 19.
Nxe7+ Nxe7 20. Qxd6 Ng6 $14) (17. Na3 $5 b4 18. cxb4 Be6 19. Nc2 f5 20. Bb5 $16
) 17... Rb8 18. Rg1 Kh8 (18... b4 $2 19. Qxa4 $16) 19. a3 f6 (19... f5 $2 20.
exf5 Bxf5 21. Nxf5 Rxf5 22. Bd3 $18) 20. Bg4 $1 fxg5 (20... Bb7 21. g6 hxg6 22.
Be6 $18) 21. Bxc8 Rxc8 22. Qg4 Rf4 (22... h6 23. Nf5 Bf6 24. Rd1 $16) 23. Nxf4
exf4 24. Nd5 Ne5 25. Qe6 $1 {[%mdl 32] This fine move underlines the
domination on white squares, black is helpless against the knight d5.} (25. Qe2
gxh4 $13) 25... Nf3+ 26. Ke2 Nxg1+ 27. Rxg1 Bf8 (27... Bf6 28. hxg5 Be5 29. Ne7
Rc7 30. Ng6+ hxg6 31. Rh1# $18) 28. hxg5 Qe8 (28... Rb8 29. Nxf4 Qe8 30. Rd1
$18) 29. Qxe8 Rxe8 30. Kf3 g6 31. Kxf4 h6 32. Rh1 Re6 33. Ke3 (33. gxh6 Kh7 34.
Kg5 Re5+ 35. Kf6 Rh5 36. Rg1 Rxh6 37. Kf7 Bg7 38. f4 $18) 33... Kg8 (33... Kh7
34. b4 axb3 35. Rb1 hxg5 36. Rxb3 g4 37. Rxb5 Bh6+ 38. Kd3 $18) 34. Nf4 Re5 35.
Nxg6 Rxg5 36. Nxf8 Kxf8 37. Rxh6 Ke7 (37... Rg1 38. Rxd6 Rb1 39. Rd2 $18) 38.
Rh7+ Ke6 39. Rb7 d5 (39... Kf6 40. f4 Rc5 41. Kd4 $18) 40. Rb6+ Kd7 41. Kf4 Rh5
(41... Rh5 42. e5 Rh2 43. Ke3 $18) 1-0